| 000 | 01213nam a2200361 a 4500 | ||
|---|---|---|---|
| 001 | 000108978 | ||
| 003 | CHAP | ||
| 005 | 20220329144032.0 | ||
| 008 | 140326s2012 it ad |r| ||||||fre d | ||
| 010 | _a105440 | ||
| 011 | _a106412 | ||
| 020 | _a9789252068907 | ||
| 040 | _cCHAP | ||
| 082 | 0 | 4 |
_a363.81 _bF211f |
| 245 | 0 | 0 |
_aLe droi à l'alimentation le tempos d'agir : _bavancées et enseignements tirés lors de la mise en aplication. / _cpor FAO. |
| 260 |
_aRoma : _bFAO, _c2012. |
||
| 300 |
_axiv, 191 p. : _bil., diagrs., gráfs. |
||
| 590 |
_aE11695DGD _b10 _c20141008 _lUCH01 _h1424 |
||
| 590 |
_aE11695DGD _b10 _c20141014 _lUCH01 _h0848 |
||
| 590 |
_aE5995AHE _b05 _c20140326 _lUCH01 _h1026 |
||
| 590 |
_aE5995AHE _b05 _c20140326 _lUCH01 _h1214 |
||
| 590 |
_aE5995AHE _b05 _c20140326 _lUCH01 _h1214 |
||
| 650 | 4 |
_aDerecho a la alimentación. _9125987 |
|
| 650 | 4 |
_aDerechos humanos. _931916 |
|
| 650 | 4 |
_aEscasez de alimentos. _937476 |
|
| 650 | 4 |
_aProyectos de desarrollo. _992528 |
|
| 650 | 4 |
_aSeguridad alimentaria. _9103673 |
|
| 650 | 4 |
_aSuministro de alimentación. _9125605 |
|
| 710 | 2 |
_aFAO _bComité de la Seguridad Alimentaria Mundial _9126064 |
|
| 901 | _aBK | ||
| 942 | _cLIBRO | ||
| 942 | _n0 | ||
| 999 |
_c105440 _d105440 |
||